000 00661nam a2200205 a 4500
005 20210219152840.0
008 991125n 000 0 spa u
035 _aUPN01000062789
100 _aSANCHEZ MARTINEZ, Armando
222 _aPEDAGOGIA : REVISTA DE LA UNIVERSIDAD PEDAGOGICA NACIONAL
245 _aLas actividades extracurriculares : un planteamiento de superación académica mediante su extensión
300 _a37-38
362 _a1989 Vol. 6, no. 18 abr.-jun.
653 0 _aACTIVIDADES EXTRAESCOLARES
653 0 _aACTUALIZACION ACADEMICA
653 0 _aEDUCACION SUPERIOR
653 0 _aUNAM
904 _aAC
_b000600
905 _aArticulo
999 _c61886
_d61886